000 01099nam a22002897a 4500
001 BD-DhSAU 8849
003 BD-DhSAU
005 20181217150956.0
008 150420b2016 bg ||||| m||| 00| 0 eng d
040 _aBD-DhSAU
082 _222
_a635
_bAk79
100 _eRegistration # 10-04084
_aAkther , Anjuman Ara
245 _aInfluence of Ga3 and Nitrogen on growth and yield of Cabbage /
_bMS thesis
_c Akther , Anjuman Ara
260 _aSher-e-Bangla Agricultural University :
_bDepartment of Horticulture,
_c2016
300 _aviii,,60 p. :
_c30 cm.
_bill. ;
500 _aMS thesis of Department of Horticulture, Faculty of Agriculture, Sher-e-Bangla Agricultural University, Dhaka
504 _aIncludes bibliographical reference.
590 _aShofi
650 _aHorticulture
650 _aCabbage
650 _a Ga3 and Nitrogen
650 _aNaa and Ga3
700 _aAkand,Md. Hasanuzzaman
_eSuperviser
700 _aHossain, Md. Ismail
_eCo-superviser
856 _uhttp://archive.saulibrary.edu.bd:8080/xmlui/handle/123456789/142
_yOnline Access
942 _2ddc
_cTHESIS
999 _c14028
_d14027